000 00788nam a2200241Ia 4500
003 OSt
005 20220923215149.0
006 a|||||r|||| 00| 0
007 ta
008 220922b |||||||| |||| 00| 0 hin d
024 _a176,256
037 _cTextual
040 _aARTS
_cARTS
_bhin
041 _2hin
_ahin
082 _aO152,1:g, L0
100 _aकिशोर, श्याम नंदन
_9156274
245 0 _aजीवन, साहित्य और संस्कृति
246 _aJīvana, sāhitya aur sanskṛuti
260 _aमुजफफरपुर
_b सुह्रदय संघ
_c1970
300 _a91 पृ.
_ccm.
942 _hO152,1:g, L0
_cTEXL
_2CC
999 _c329813
_d329813